00752nem a22002057a 450000500170000000800410001704000250005804100080008304400070009111000450009824501670014325000180031025500140032826000610034230000320040365000160043565000180045165000180046971000590048720191224042245.0160421b1992 ck ||||| |a|| 00| 0 spa d aCO-BoIAVHcCO-BoIAVH aspa ack2 aInstituto Geográfico Agustín Codazzi1 aRepublica de Colombia Departamento de Amazonas cInstituto Geográfico Agustín Codazzi, Ministerio de Hacienda y Crédito Públicoh[Material Cartográfico] a2a edición. a1:700.000 aBogotábInstituto Geográfico Agustín Codazzic1992 a1 mapa ;bColorc80 x 69 cm 4aGeografía 4aHidrografía 4aTopografía|1 aMinisterio de Hacienda y Crédito PúblicoeColombia